00423nam a2200157 a 45000010005000000030009000050080041000140400028000550820015000831000024000982450051001222600052001733000010002254900017002356500013002524614CO-ViMGA141112s2004 ck r 000 u spa d aCO-ViMGAbspacCO-ViMGA04a299.7 C1771 aCastañeda, Carlos10aViaje a Ixtlán : blas lecciones de don Juan aMexico : bFondo de Cultura Económica, c1986 a365 p aPopular, 14314aMEXICANA